A community connection (Record no. 82129)

MARC details
000 -LEADER
fixed length control field 01296cad a22002055a 4500
001 - CONTROL NUMBER
control field L149315
008 - FIXED-LENGTH DATA ELEMENTS--GENERAL INFORMATION
fixed length control field 090720s2009 xxk 000 0 eng u
035 ## - SYSTEM CONTROL NUMBER
System control number (Sirsi) u149315
041 0# - LANGUAGE CODE
Language code of text/sound track or separate title eng
100 1# - MAIN ENTRY--PERSONAL NAME
Personal name Aiers, Peter
245 02 - TITLE STATEMENT
Title A community connection
Remainder of title the role of the Churches Conservation Trust and its Regeneration Taskforce
Medium [electronic resource]
260 ## - PUBLICATION, DISTRIBUTION, ETC.
Date of publication, distribution, etc. 2010
490 #4 - SERIES STATEMENT
Series statement RICS Building Conservation Journal
Volume/sequential designation March/April 2010 (3)
520 ## - SUMMARY, ETC.
Summary, etc. The Churches Conservation Trust (CCT) is the national charity protecting historic churches at risk. Since 1 April 1969, the Trust has saved over 340 buildings, which now attract more than 1.5m visitors annually. The 1968 Pastoral Measure allows churches which have been made redundant by the Church of England (CoE) ? for which the diocese has been unable to find any alternative use and which are of exceptional historic, architectural or archaeological significance ? to be ?vested? in the CCT by the Church Commissioners.
590 ## - LOCAL NOTE (RLIN)
Local note KA
651 #4 - SUBJECT ADDED ENTRY--GEOGRAPHIC NAME
Geographic name England and Wales
Chronological subdivision 1543-
690 ## - LOCAL SUBJECT ADDED ENTRY--TOPICAL TERM (OCLC, RLIN)
Topical term or geographic name as entry element BUILT ENVIRONMENT-BUILDING TYPES-ANCIENT MONUMENTS AND HISTORIC BUILDINGS
856 41 - ELECTRONIC LOCATION AND ACCESS
Uniform Resource Identifier <a href="https://www.rics.org/site/download_feed.aspx?fileID=5880&fileExtension=PDF">https://www.rics.org/site/download_feed.aspx?fileID=5880&fileExtension=PDF</a>
Public note View this item (member-only access) at www.rics.org
942 ## - ADDED ENTRY ELEMENTS (KOHA)
Suppress in OPAC 0
Holdings
Withdrawn status Lost status Source of classification or shelving scheme Damaged status Not for loan Home library Current library Shelving location Date acquired Total Checkouts Full call number Barcode Date last seen Copy number Price effective from Koha item type
    Dewey Decimal Classification     Virtual Virtual Online 18/02/2010   ONLINE PUBLICATION 149315-2001 06/08/2019 1 06/08/2019 Journal article